000 00274nam a2200097Ia 4500
008 240331s9999 xx 000 0 und d
082 _bTHI
100 _aCenwor. ed
245 0 _aThird national convention on women's studies :
_bwomen history and social change,women
942 _cL
999 _c3216
_d3216